000 00941nam a22003137a 4500
003 CHAP
005 20220329133007.0
008 971013s1986 r 00010 d
010 _a1047
011 _a2019
035 _a1204
040 _cCHAP
082 _a541.39
_bA5 1986
110 _aAmerican Chemical Society. Washington
_95230
245 _aReaget chemicals
250 _a7 ed.
260 _aWashington :
_bThe Society,
_c1986
300 _a713 h.
_b; gráfs.
500 _a40-34
590 _aBATCH-UPD
_b10
_c20130110
_lUCH01
_h1712
590 _aBATCH-UPD
_b10
_c20130410
_lUCH01
_h1057
590 _aBATCH-UPD
_b10
_c20130914
_lUCH01
_h1944
590 _aCONVERSION
_b10
_c20130109
_lUCH01
_h1302
650 1 4 _aPruebas y reactivos químicos.
_992537
650 1 4 _aQuímica
_xReacciones.
_993572
901 _aBK
942 _cLIBRO
949 _a541.39 A5 1986
_bBC
_cLIBRO
_d33724000411906
_eLIBRO
_gI. 151818
_h78382
_i1204
_si
_t448.20
999 _c1047
_d1047